000 00564nam a2200205Ia 4500
005 20250923145939.0
008 008 250917s9999 xx 000 0 eng d
037 _aTextual
040 _aDSWL
_beng
_cDSWL
041 _aeng
_2eng
084 _aYX,Z33;5, N96
_qDSWL
100 _aSati, P.N.
_9840602
245 0 _aNeeds and problems of aged
_c by P.N. Sati
260 _aDelhi
_b Himanshu Publication
_c1996
300 _aix,285p.
365 _aINR
_b495.00
925 _g495.00
942 _cTEXL
_hYX,Z33;5, N96
999 _c1457679
_d1457679